| 000 | 00889nmm a2200289 a 4500 | ||
|---|---|---|---|
| 003 | AR-BaBNM | ||
| 005 | 20251128211013.0 | ||
| 008 | 122020s1997 ||||||||||||||000 | spa|| | ||
| 040 | _cAR-BaBNM | ||
| 110 | 1 |
_aSanta Fe _bMinisterio de Educación _bComisión de Diseño Curricular |
|
| 245 | 1 | 0 | _aTercer ciclo EGB |
| 260 |
_aSanta Fe _bMinisterio de Educación _c1997 |
||
| 300 | _a60 p. | ||
| 504 | _aContiene referencias bibliográficas al final de cada capítulo | ||
| 650 | 4 | _aCURRICULO | |
| 650 | 4 | _aENSEÑANZA DE LAS CIENCIAS SOCIALES | |
| 651 | 4 | _aSanta Fe | |
| 653 | _aTERCER CICLO DE LA EGB | ||
| 653 | _aORGANIZACION CURRICULAR | ||
| 653 | _aFORMACION ETICA Y CIUDADANA | ||
| 653 | _aCONTENIDOS CONCEPTUALES | ||
| 653 | _aCONTENIDOS PROCEDIMENTALES | ||
| 653 | _aCONTENIDOS ACTITUDINALES | ||
| 653 | _aEXPECTATIVAS DE LOGRO | ||
| 942 | _cBK | ||
| 998 | _craquel | ||
| 999 |
_c17844 _d17844 |
||